01423nam a2200337Ia 4500001001200000003000800012006001900020007001500039008004100054020002500095020002200120040002100142035002100163050002600184082001400210100002100224245013600245260003500381300001400416490005400430504005100484533015200535600006100687600005400748650002800802650002800830655002900858710001700887830005500904856012600959ebr10424563CaPaEBRm u cr cn|||||||||090630s2010 enk sb 001 0 eng d z9781848850897 (hbk.) z1848850891 (hbk.) aCaPaEBRcCaPaEBR a(OCoLC)67165499814aPR4487.R4bN48 2010eb04a821.72221 aNeville, Graham.10aColeridge and liberal religious thoughth[electronic resource] :bromanticism, science and theological tradition /cGraham Neville. aLondon :bI. B. Tauris,c2010. ax, 210 p.1 aInternational library of historical studies ;v63 aIncludes bibliographical references and index. aElectronic reproduction.bPalo Alto, Calif. :cebrary,d2011.nAvailable via World Wide Web.nAccess may be limited to ebrary affiliated libraries.10aColeridge, Samuel Taylor,d1772-1834xViews on religion.10aColeridge, Samuel Taylor,d1772-1834xPhilosophy. 0aReligion in literature. 0aTheology in literature. 7aElectronic books.2local2 aebrary, Inc. 0aInternational library of historical studies ;v63.40uhttp://site.ebrary.com/lib/rucke/Doc?id=10424563zAn electronic book accessible through the World Wide Web; click to view